000 01038nam a22003017a 4500
001 5589
003 FISKH
005 20241219112928.0
008 241219b cb ||||| |||| 00| 0 eng d
020 _a9780545374446
040 _aFISKH
_beng
_cFISKH
_dFISKH
050 _aAG243.C567
082 _a031.02
100 _aClaybourne, Anna
245 _a100 scariest things on the planet :
_bPrepare to be terrified ! /
_cby Anna Claybourne
250 _aFirst edition, September 2011
260 _aNew York :
_bScholastic ;
_c2011.
300 _a111 pages :
_bcolor illustrations ;
_c24 cm .
490 _a100 ... things on the planet
505 _aZ
520 _aPresents information about scary things and events, both real and imaginary, including alien encounters, deadly creatures, and real-life monsters.
521 8 _a1010
_bLexile IG
521 8 _aZ
_bRaz-Plus
650 _aImported From ResourceMate
_vNon-fiction
700 _aWood, Sorrel
_eEditorial director
942 _2ddc
_cBK
_n0
999 _c5589
_d5589